000 00485ntaaa2200193 4500
003 01
005 20251027203122.0
008 0714s1973 ag 01
040 _aAR-BaBN
_bspa
_cAR-BaBN
_eaacr
_dRIC
082 _a261.7000 Mc14
100 _aMc Donald, Ron
_932749
245 _aFui un misionero comunista
250 _a1 ed.
260 _aEl Paso :
_bCasa Bta. de Publicaciones,
_c1963
300 _a8 p
650 _aAutor
_923984
650 _aComunismo-Cristianismo
942 _cBK
999 _c26649
_d26649